<?xml version="1.0" encoding="UTF-8"?>
<record
    xmlns:xsi="http://www.w3.org/2001/XMLSchema-instance"
    xsi:schemaLocation="http://www.loc.gov/MARC21/slim http://www.loc.gov/standards/marcxml/schema/MARC21slim.xsd"
    xmlns="http://www.loc.gov/MARC21/slim">

  <leader>01318    a2200205   4500</leader>
  <controlfield tag="001">47877</controlfield>
  <controlfield tag="005">20260407155744.0</controlfield>
  <controlfield tag="008">260407a1994    arg                 spa d</controlfield>
  <controlfield tag="003">AR-UNSa-BCEJYS</controlfield>
  <datafield tag="040" ind1=" " ind2=" ">
    <subfield code="a">AR-UNSa-BCEJYS</subfield>
    <subfield code="b">spa</subfield>
    <subfield code="c">AR-UNSa-BCEJYS</subfield>
  </datafield>
  <datafield tag="080" ind1=" " ind2=" ">
    <subfield code="a">004.42</subfield>
    <subfield code="x">Programaci&#xF3;n de ordenadores. Programas de ordenador</subfield>
  </datafield>
  <datafield tag="245" ind1="1" ind2="0">
    <subfield code="a">Fox Pro 2.5 para dos y windows a su alcance</subfield>
  </datafield>
  <datafield tag="020" ind1=" " ind2=" ">
    <subfield code="a">84-481-1906-1</subfield>
  </datafield>
  <datafield tag="264" ind1=" " ind2="1">
    <subfield code="a">Madrid :</subfield>
    <subfield code="b">McGraw-Hill</subfield>
    <subfield code="c">1994</subfield>
  </datafield>
  <datafield tag="300" ind1=" " ind2=" ">
    <subfield code="a">572 p.</subfield>
    <subfield code="c">21 cm.</subfield>
  </datafield>
  <datafield tag="505" ind1=" " ind2=" ">
    <subfield code="a">1. Manejo del editor-compilador. Ventana de mandatos interactivos - 2. Creaci&#xF3;n de bases de datos - 3. Control de flujo - 4. La macrosustituci&#xF3;n - 5. Los ARRAYS en FOXPRO - 6. Funciones FOXPRO. Biblioteca de funciones - 7. Entrada de datos: El control say ...get ...read - 8. Control de objetos - 9. Programaci&#xF3;n interactiva. Di&#xE1;logo con ventanas FOXPRO - 10. Campos memo contenidos en las bases de datos - 11. Compilaci&#xF3;n y enlazado - 12. &#xC1;reas de trabajo y tipos de &#xED;ndices en FOXPRO. &#xCD;ndices compactos y compuestos - 13. Creaci&#xF3;n de informes y etiquetas - 14. Funciones de ARRAYS -  15. Programaci&#xF3;n de teclas - 16. Men&#xFA;s, Windows, Boxes - 17. El sistema multiusuario FOXPRO para redes de &#xE1;rea local.</subfield>
  </datafield>
  <datafield tag="942" ind1=" " ind2=" ">
    <subfield code="c">BK</subfield>
  </datafield>
  <datafield tag="590" ind1=" " ind2=" ">
    <subfield code="a">niveau_biblio:m niveau_hierar:0</subfield>
  </datafield>
  <datafield tag="100" ind1="1" ind2=" ">
    <subfield code="a">Garcia- Badell, Jos&#xE9; Javier</subfield>
  </datafield>
  <datafield tag="999" ind1=" " ind2=" ">
    <subfield code="c">4473</subfield>
    <subfield code="d">4473</subfield>
  </datafield>
  <datafield tag="952" ind1=" " ind2=" ">
    <subfield code="0">0</subfield>
    <subfield code="1">0</subfield>
    <subfield code="4">0</subfield>
    <subfield code="7">0</subfield>
    <subfield code="a">BCEJYS</subfield>
    <subfield code="b">BCEJYS</subfield>
    <subfield code="c">16</subfield>
    <subfield code="d">2026-04-07</subfield>
    <subfield code="l">0</subfield>
    <subfield code="o">004.42 G216</subfield>
    <subfield code="p">L85012</subfield>
    <subfield code="r">2026-04-07 15:57:44</subfield>
    <subfield code="w">2026-04-07</subfield>
    <subfield code="y">L</subfield>
  </datafield>
</record>
